000 nam a22 7a 4500
999 _c129600
_d129600
008 190516b xxu||||| |||| 00| 0 eng d
020 _a9791093302058
050 _aBT382.O41
100 _aOkambawa, Wilfrid Kolorunko
_946394
245 _aThe beatitudes
_bmedication for happiness
_cWilfrid Kolorunko Okambawa
260 _aDakar
_bPublications Lux Africae
_c2017
300 _a167p. ;
_c24cm.
650 _aBeatitudes
_937160
942 _2lcc
_cMONOGRAPH